Les 20 plus grandes villes d'Amérique du Sud. - Statistiques

Statistiques générales
  • Ce quiz a été pris 510 fois
  • Le résultat moyen est 12 sur 20
Statistiques - réponses
Pays Population Ville % Correct
Brésil 12 140 000 Rio de Janeiro
99%
Argentine 14 230 000 Buenos Aires
97%
Pérou 10 680 000 Lima
95%
Colombie 10 760 000 Bogota
94%
Brésil 3 720 000 Brasilia
92%
Brésil 20 850 000 Sao Paulo
92%
Chili 5 250 000 Santiago
90%
Vénézuela 8 680 000 Caracas
86%
Paraguay 2 990 000 Asuncion
71%
Colombie 3 720 000 Medellin
70%
Brésil 5 730 000 Belo Horizonte
50%
Brésil 3 840 000 Recife
45%
Colombie 3 220 000 Cali
44%
Brésil 4 080 000 Porto Alegre
40%
Brésil 3 510 000 Fortaleza
39%
Brésil 3 900 000 Salvador
37%
Brésil 2 500 000 Belem
31%
Équateur 4 000 000 Guayaquil
30%
Brésil 3 570 000 Curitiba
25%
Brésil 2 600 000 Campinas
8%
Aucun quiz correspondant
Distribution des résultats
% des personnes avec chaque résultat
Percentile par nombre de réponses
Votre historique - résultats
Vous n’avez pas pris ce quiz